Who's who of Indian writers / (Record no. 24658)
[ view plain ]
| 000 -LEADER | |
|---|---|
| fixed length control field | 00612nam a2200217 a 4500 |
| 001 - CONTROL NUMBER | |
| control field | 24658 |
| 003 - CONTROL NUMBER IDENTIFIER | |
| rucl marc code | BD-RjUL |
| 005 - DATE AND TIME OF LATEST TRANSACTION | |
| control field | 20211209001059.0 |
| 008 - FIXED-LENGTH DATA ELEMENTS--GENERAL INFORMATION | |
| fixed length control field | 140315s1961 ii 000 0deng d |
| 035 ## - SYSTEM CONTROL NUMBER | |
| System control number | (BD-RjUL)24727 |
| 040 ## - CATALOGING SOURCE | |
| Original cataloging agency | BD-RjUL |
| Language of cataloging | eng |
| Transcribing agency | BD-RjUL |
| Modifying agency | BD-RjUL |
| 041 ## - LANGUAGE CODE | |
| Language code of text/sound track or separate title | eng |
| 082 ## - DEWEY DECIMAL CLASSIFICATION NUMBER | |
| Classification number | 928.891 |
| Author mark and year | WHO 1961 |
| 245 00 - TITLE STATEMENT | |
| Title | Who's who of Indian writers / |
| 260 ## - PUBLICATION, DISTRIBUTION, ETC. (IMPRINT) | |
| Place of publication, distribution, etc. | New Delhi : |
| Name of publisher, distributor, etc. | Sahitya Akademi, |
| Date of publication, distribution, etc. | 1961. |
| 300 ## - PHYSICAL DESCRIPTION | |
| Pagination | 410 p. ; |
| Size | 22 cm |
| 650 #0 - SUBJECT ADDED ENTRY--TOPICAL TERM | |
| Topical term or geographic name as entry element | Indic literature |
| Form subdivision | Bio-bibliography |
| 9 (RLIN) | 75883 |
| Topical term or geographic name as entry element | Authors, Indic |
| Form subdivision | Directories |
| 9 (RLIN) | 75884 |
| 710 2# - ADDED ENTRY--CORPORATE NAME | |
| Corporate name or jurisdiction name as entry element | Sahitya Akademi. |
| 9 (RLIN) | 75885 |
| 942 ## - ADDED ENTRY ELEMENTS (KOHA) | |
| Source of classification or shelving scheme | Dewey Decimal Classification |
| Koha item type | Books |
| Lost status | Source of classification or shelving scheme | Damaged status | Not for loan | Collection code | Permanent Location | Current Location | Shelving location | Date acquired | Source of acquisition | Cost, normal purchase price | Total Checkouts | Full call number | Date last seen | Copy number | Koha item type |
|---|---|---|---|---|---|---|---|---|---|---|---|---|---|---|---|
| Dewey Decimal Classification | Added to bundle | Non-fiction | Central Library, University of Rajshahi | Central Library, University of Rajshahi | Reading Room | 15/05/1969 | Zeitlinger | 30.00 | 928.891 WHO 1961 | 15/03/2014 | C-1 | Books |